000 00699nam a22002057a 4500
005 20240925144125.0
010 _aENG-141762
020 _a9789359648361
_c250.00
035 _aEN-125294
037 _bDBAD
082 _a615.538
100 _aChowdhury, Biswaroop Roy
_971946
245 _aThe Circadian Doctor/
_cBy Biswaroop Roy Chowdhury
250 _a1
260 _aNew Delhi
_bDiamond Pocket Books
_c2024
270 _aX- 30, Okhla Industrial Area, Phase-II
_bNew Delhi
_e110020
_mwecare@diamondbooks.in
_k011-40712100
_k011-41611861
300 _a186p.
_c22cm(pb)
500 _aCircadian Clock & Ayurvedic Panchkarma Certificate Course
942 _2ddc
_cEN
_h615.538
_mCHO
999 _c205877
_d205877